<?xml version="1.0" encoding="UTF-8"?>
<record
    xmlns:xsi="http://www.w3.org/2001/XMLSchema-instance"
    xsi:schemaLocation="http://www.loc.gov/MARC21/slim http://www.loc.gov/standards/marcxml/schema/MARC21slim.xsd"
    xmlns="http://www.loc.gov/MARC21/slim">

  <leader>01242nas a2200193 i 4500</leader>
  <controlfield tag="001">768714001</controlfield>
  <controlfield tag="003">CO-MdFUSB</controlfield>
  <controlfield tag="005">20221003154625.0</controlfield>
  <controlfield tag="008">221003s2014    ck ||||| |||| 00| 0 spa d</controlfield>
  <datafield tag="040" ind1=" " ind2=" ">
    <subfield code="b">spa</subfield>
    <subfield code="c">CO-MdFUSB</subfield>
    <subfield code="d">CO-MdFUSB</subfield>
  </datafield>
  <datafield tag="041" ind1=" " ind2=" ">
    <subfield code="a">spa</subfield>
  </datafield>
  <datafield tag="100" ind1=" " ind2=" ">
    <subfield code="a">Quintero Cardona, Walter, </subfield>
    <subfield code="e">autor</subfield>
  </datafield>
  <datafield tag="245" ind1=" " ind2="3">
    <subfield code="a">La experiencia de fe en Dios como otro</subfield>
    <subfield code="c">/ Walter Quintero Cardona</subfield>
  </datafield>
  <datafield tag="300" ind1=" " ind2=" ">
    <subfield code="a">N&#xFA;mero 12, (Enero - Junio 2014), p&#xE1;ginas157 - 173</subfield>
    <subfield code="c">; 20 cm</subfield>
  </datafield>
  <datafield tag="520" ind1=" " ind2=" ">
    <subfield code="a">La experiencia com&#xFA;n de la fe cristiana- entendida como una elaboraci&#xF3;n compleja de su historia, que ha retomado desde sus or&#xED;genes la esperanza del pueblo de Israel y concluye con la redenci&#xF3;n del hijo de Dios, puede proporcionar otros sentidos de la fe primigenia. Estos permiten reconocer el rumbo y el valor de fe cristiana en la sociedad contempor&#xE1;nea, para que su consolidaci&#xF3;n no constituya  nunca un conocimiento cerrado a la transcendencia inabarcable del misterio, a la alteridad absoluta de Dios que siempre otro.</subfield>
  </datafield>
  <datafield tag="653" ind1=" " ind2=" ">
    <subfield code="a">Alteridad</subfield>
  </datafield>
  <datafield tag="773" ind1="0" ind2=" ">
    <subfield code="0">68226</subfield>
    <subfield code="9">81333</subfield>
    <subfield code="a">Pontificia Universidad Javeriana</subfield>
    <subfield code="o">R2119</subfield>
    <subfield code="t">Reflexiones teol&#xF3;gicas :</subfield>
    <subfield code="w">(CO-MdFUSB)768714001</subfield>
    <subfield code="x">2011-1991</subfield>
    <subfield code="g">N&#xFA;mero 12, (Enero - Junio 2014), p&#xE1;ginas157 - 173</subfield>
    <subfield code="q"> p&#xE1;ginas157</subfield>
  </datafield>
  <datafield tag="942" ind1=" " ind2=" ">
    <subfield code="c">ANA</subfield>
  </datafield>
  <datafield tag="999" ind1=" " ind2=" ">
    <subfield code="c">68241</subfield>
    <subfield code="d">68241</subfield>
  </datafield>
</record>
